000 00300nam a22001337a 4500
008 181012b xxu||||| |||| 00| 0 eng d
020 _a9780323051767
041 _aeng
080 _28th
_a610
100 _a4
101 _aSHM
245 _aRespiratory Care Equipment
_cCairo, J.M
942 _2udc
_cBK
999 _c49551
_d49551